Standard form of management contract 1998 edition. Amendment 1 issued June 1999. Construction industry scheme (CIS). (Record no. 99722)

MARC details
000 -LEADER
fixed length control field 00670cam a2200193 4500
001 - CONTROL NUMBER
control field J100614
008 - FIXED-LENGTH DATA ELEMENTS--GENERAL INFORMATION
fixed length control field 000000n1999 000 0 eng u
035 ## - SYSTEM CONTROL NUMBER
System control number (Sirsi) u100614
041 ## - LANGUAGE CODE
Language code of text/sound track or separate title ENG
050 ## - LIBRARY OF CONGRESS CALL NUMBER
Classification number 692.8
110 ## - MAIN ENTRY--CORPORATE NAME
Corporate name or jurisdiction name as entry element Joint Contracts Tribunal
9 (RLIN) 3664
245 ## - TITLE STATEMENT
Title Standard form of management contract 1998 edition. Amendment 1 issued June 1999. Construction industry scheme (CIS).
260 ## - PUBLICATION, DISTRIBUTION, ETC.
Place of publication, distribution, etc. Birmingham
Name of publisher, distributor, etc. Construction Industry Publications
Date of publication, distribution, etc. 1999
300 ## - PHYSICAL DESCRIPTION
Extent 6p. ; 30cm.
490 ## - SERIES STATEMENT
Series statement JCT Standard Form of Management Contract 1998 Edition
Volume/sequential designation Amendment 1
650 ## - SUBJECT ADDED ENTRY--TOPICAL TERM
Topical term or geographic name entry element Contracts
9 (RLIN) 6232
690 ## - LOCAL SUBJECT ADDED ENTRY--TOPICAL TERM (OCLC, RLIN)
Topical term or geographic name as entry element BUILT ENVIRONMENT-BUILDING CONTRACT FORMS
942 ## - ADDED ENTRY ELEMENTS (KOHA)
Suppress in OPAC 0
Holdings
Withdrawn status Lost status Source of classification or shelving scheme Damaged status Not for loan Home library Current library Shelving location Date acquired Total Checkouts Full call number Barcode Date last seen Copy number Price effective from Koha item type
    Dewey Decimal Classification     London London Boxed set 20/10/1999   JCT 1999/12 30059141 06/08/2019 1 06/08/2019 Reference material
    Dewey Decimal Classification     London London Boxed set 19/08/2002   JCT 1999/12 30065542 06/08/2019 2 06/08/2019 Reference material